奈良県の駅名一覧 - Statistics

General Stats
  • This quiz has been taken 130 times
  • The average score is 81 of 138
Answer Stats
Hint Answer % Correct
JR奈良線 D-21 | 万葉まほろば線 | 大和路線 Q-36 奈良
99%
近畿日本鉄道 大阪線 D-39 | 近畿日本鉄道 橿原線 B-39 大和八木
94%
万葉まほろば線 | 近畿日本鉄道 大阪線 D-42 桜井
91%
近畿日本鉄道 けいはんな線 C-27 | 近畿日本鉄道 奈良線 A-17 | 近畿日本鉄道 生駒線 G-17 生駒
91%
近畿日本鉄道 吉野線 F-42 | 近畿日本鉄道 橿原線 B-42 橿原神宮前
91%
和歌山線 | 大和路線 Q-31 | 近畿日本鉄道 生駒線 G-28 王寺
90%
近畿日本鉄道 吉野線 F-57 吉野
90%
万葉まほろば線 | 近畿日本鉄道 天理線 H-35 天理
89%
近畿日本鉄道 京都線 B-26 | 近畿日本鉄道 奈良線 A-26 大和西大寺
89%
近畿日本鉄道 奈良線 A-28 近鉄奈良
86%
近畿日本鉄道 橿原線 B-36 田原本
84%
大和路線 Q-34 郡山
83%
近畿日本鉄道 京都線 B-25 平城
83%
万葉まほろば線 | 和歌山線 高田
81%
JR奈良線 D-20 | 大和路線 Q-37 平城山
80%
大和路線 Q-32 法隆寺
79%
近畿日本鉄道 大阪線 D-25 大和高田
79%
和歌山線 御所
77%
和歌山線 | 近畿日本鉄道 吉野線 F-48 吉野口
77%
近畿日本鉄道 橿原線 B-40 八木西口
77%
万葉まほろば線 畝傍
74%
近畿日本鉄道 奈良線 A-27 新大宮
74%
近畿日本鉄道 けいはんな線 C-30 学研奈良登美ヶ丘
74%
近畿日本鉄道 大阪線 D-23 五位堂
74%
万葉まほろば線 京終
73%
近畿日本鉄道 奈良線 A-18 東生駒
73%
近畿日本鉄道 田原本線 I-43 新王寺
73%
大和路線 Q-33 大和小泉
71%
近畿日本鉄道 奈良線 A-20 学園前
71%
近畿日本鉄道 橿原線 B-30 近鉄郡山
70%
近畿日本鉄道 京都線 B-24 高の原
69%
近畿日本鉄道 大阪線 D-45 榛原
69%
近畿日本鉄道 御所線 P-26 近鉄御所
69%
和歌山線 五条
67%
近畿日本鉄道 田原本線 I-36 西田原本
67%
近畿日本鉄道 奈良線 A-19 富雄
66%
近畿日本鉄道 橿原線 B-41 畝傍御陵前
66%
大和路線 Q-30 三郷
63%
近畿日本鉄道 奈良線 A-21 菖蒲池
63%
近畿日本鉄道 天理線 H-32 | 近畿日本鉄道 橿原線 B-32 平端
63%
近畿日本鉄道 南大阪線 F-27 橿原神宮西口
63%
近畿日本鉄道 けいはんな線 C-29 学研北生駒
61%
近畿日本鉄道 南大阪線 F-23 | 近畿日本鉄道 御所線 P-23 尺土
61%
近畿日本鉄道 橿原線 B-28 西ノ京
60%
近畿日本鉄道 橿原線 B-33 ファミリー公園前
60%
近畿日本鉄道 大阪線 D-21 二上
60%
和歌山線 香芝
59%
近畿日本鉄道 南大阪線 F-24 高田市
59%
和歌山線 JR五位堂
59%
近畿日本鉄道 大阪線 D-43 大和朝倉
57%
近畿日本鉄道 大阪線 D-40 耳成
56%
近畿日本鉄道 大阪線 D-46 室生口大野
56%
近畿日本鉄道 吉野線 F-44 飛鳥
56%
近畿日本鉄道 大阪線 D-41 大福
54%
万葉まほろば線 香久山
51%
近畿日本鉄道 橿原線 B-27 尼ヶ辻
51%
近畿日本鉄道 橿原線 B-29 九条
51%
近畿日本鉄道 橿原線 B-38 新ノ口
51%
近畿日本鉄道 大阪線 D-27 真菅
51%
近畿日本鉄道 大阪線 D-47 三本松
51%
近畿日本鉄道 吉野線 F-47
51%
和歌山線 大和新庄
50%
万葉まほろば線 帯解
50%
万葉まほろば線 三輪
50%
近畿日本鉄道 けいはんな線 C-28 白庭台
50%
万葉まほろば線 櫟本
49%
近畿日本鉄道 大阪線 D-44 長谷寺
49%
近畿日本鉄道 南大阪線 F-19 二上山
49%
近畿日本鉄道 吉野線 F-56 吉野神宮
49%
近畿日本鉄道 生駒線 G-24 平群
49%
近畿日本鉄道 南大阪線 F-26 坊城
47%
近畿日本鉄道 天理線 H-33 二階堂
47%
近畿日本鉄道 吉野線 F-52 下市口
46%
近畿日本鉄道 生駒線 G-18 菜畑
46%
和歌山線 畠田
44%
和歌山線 志都美
44%
万葉まほろば線 金橋
44%
近畿日本鉄道 橿原線 B-31 筒井
44%
近畿日本鉄道 大阪線 D-22 近鉄下田
44%
近畿日本鉄道 吉野線 F-45 壺阪山
44%
近畿日本鉄道 吉野線 F-55 大和上市
44%
近畿日本鉄道 生駒線 G-19 一分
44%
近畿日本鉄道 生駒線 G-20 南生駒
44%
近畿日本鉄道 御所線 P-24 近鉄新庄
44%
近畿日本鉄道 大阪線 D-26 松塚
43%
近畿日本鉄道 吉野線 F-54 六田
43%
近畿日本鉄道 南大阪線 F-25 浮孔
41%
近畿日本鉄道 吉野線 F-43 岡寺
41%
近畿日本鉄道 生駒線 G-22 東山
41%
近畿日本鉄道 生駒線 G-27 信貴山下
41%
近畿日本鉄道 天理線 H-34 前栽
41%
和歌山線 大和二見
40%
近畿日本鉄道 橿原線 B-34 結崎
40%
近畿日本鉄道 橿原線 B-35 石見
40%
近畿日本鉄道 南大阪線 F-20 二上神社口
40%
近畿日本鉄道 田原本線 I-38 但馬
40%
万葉まほろば線 巻向
39%
万葉まほろば線 柳本
37%
近畿日本鉄道 橿原線 B-37 笠縫
37%
近畿日本鉄道 大阪線 D-24 築山
37%
近畿日本鉄道 南大阪線 F-21 当麻寺
37%
近畿日本鉄道 田原本線 I-37 黒田
37%
近畿日本鉄道 吉野線 F-49 薬水
36%
近畿日本鉄道 田原本線 I-42 大輪田
36%
和歌山線 玉出
33%
近畿日本鉄道 生駒線 G-25 竜田川
33%
近畿日本鉄道 田原本線 I-39 箸尾
33%
近畿日本鉄道 田原本線 I-41 佐味田川
33%
近畿日本鉄道 御所線 P-25 忍海
33%
近畿日本鉄道 南大阪線 F-22 磐城
31%
近畿日本鉄道 吉野線 F-50 福神
31%
和歌山線 掖上
30%
近畿日本鉄道 生駒線 G-23 元山上口
30%
近畿日本鉄道 生駒線 G-26 勢野北口
30%
近畿日本鉄道 田原本線 I-40 池部
30%
和歌山線 北宇智
29%
万葉まほろば線 長柄
29%
近畿日本鉄道 生駒線 G-21 萩の台
29%
近畿日本鉄道 大阪線 D-20 関谷
27%
近畿日本鉄道 吉野線 F-46 市尾
26%
近畿日本鉄道 吉野線 F-53 越部
26%
近畿日本鉄道 吉野線 F-51 大阿太
24%
No matching quizzes found
Score Distribution
Percent of People with Each Score
Percentile by Number Answered
Your Score History
You have not taken this quiz